International Journal of Neonatal Care and Pediatric Nursing (Record no. 358026)
[ view plain ]
| 000 -LEADER | |
|---|---|
| fixed length control field | 00416nam a22001457a 4500 |
| 003 - CONTROL NUMBER IDENTIFIER | |
| control field | OSt |
| 005 - DATE AND TIME OF LATEST TRANSACTION | |
| control field | 20240530115408.0 |
| 008 - FIXED-LENGTH DATA ELEMENTS--GENERAL INFORMATION | |
| fixed length control field | 240530b |||||||| |||| 00| 0 eng d |
| 022 ## - INTERNATIONAL STANDARD SERIAL NUMBER | |
| Source | 2583469X |
| 100 ## - MAIN ENTRY--PERSONAL NAME | |
| Relator code | Touby, Salem, Said Ali |
| 245 ## - TITLE STATEMENT | |
| Title | International Journal of Neonatal Care and Pediatric Nursing |
| 260 ## - PUBLICATION, DISTRIBUTION, ETC. (IMPRINT) | |
| Place of publication, distribution, etc. | Ghaziabad |
| Name of publisher, distributor, etc. | MAT Journals Pvt. Ltd. |
| Date of publication, distribution, etc. | 2024 |
| 650 ## - SUBJECT ADDED ENTRY--TOPICAL TERM | |
| Source of heading or term | Child Health Nursing |
| 942 ## - ADDED ENTRY ELEMENTS (KOHA) | |
| Source of classification or shelving scheme | Dewey Decimal Classification |
| Koha item type | Journal |
| Serial record | 1 |
| Withdrawn status | Lost status | Source of classification or shelving scheme | Damaged status | Not for loan | Home library | Current library | Date acquired | Serial Enumeration / chronology | Total Checkouts | Barcode | Date last seen | Bill Date | Koha item type | Shelving location | Vendor | Full call number |
|---|---|---|---|---|---|---|---|---|---|---|---|---|---|---|---|---|
| Dewey Decimal Classification | Sitabai Nargundkar College of Nursing Nagpur | Sitabai Nargundkar College of Nursing Nagpur | 30/05/2024 | Vol. 5, No. 1 | IJNCPN-1 | 30/05/2024 | 30/05/2024 | Journal | ||||||||
| Dewey Decimal Classification | Sitabai Nargundkar College of Nursing Nagpur | Sitabai Nargundkar College of Nursing Nagpur | 14/10/2024 | Vol. 5, No. 2 | NJNCPN-2 | 14/10/2024 | 14/10/2024 | Journal | ||||||||
| Dewey Decimal Classification | Sitabai Nargundkar College of Nursing Nagpur | Sitabai Nargundkar College of Nursing Nagpur | 27/01/2025 | Vol. 5, No. 3 | IJNCPN-3 | 27/01/2025 | 27/01/2025 | Journal | ||||||||
| Dewey Decimal Classification | Sitabai Nargundkar College of Nursing Nagpur | Sitabai Nargundkar College of Nursing Nagpur | 30/05/2025 | Vol. 6, No. 1 | IJNCPN25-1 | 30/05/2025 | 30/05/2025 | Journal | Reference | MAT Journals | ||||||
| Dewey Decimal Classification | Sitabai Nargundkar College of Nursing Nagpur | Sitabai Nargundkar College of Nursing Nagpur | 03/10/2025 | Vol. 7, No. 2 | IJNCPN25-2 | 04/10/2025 | 04/10/2025 | Journal | Reference | |||||||
| Dewey Decimal Classification | Sitabai Nargundkar College of Nursing Nagpur | Sitabai Nargundkar College of Nursing Nagpur | 01/12/2025 | SNCN-BV-142 | 04/02/2026 | 01/12/2025 | Bound Volume | 610.7362 MAN |